| Tag |
First Indicator |
Second Indicator |
Subfields |
| LEADER |
00000cam a22000007a 4500 |
| 001 |
in00000004126 |
| 005 |
20151007051335.0 |
| 008 |
990701s1999 dcuabf b f001 0 eng d |
| 035 |
|
|
|a (OCoLC)41635926
|
| 035 |
|
|
|9 AJJ0064AM
|
| 040 |
|
|
|a GPO
|c GPO
|d DLC
|d MvI
|d UtOrBLW
|
| 043 |
|
|
|a n-us-la
|
| 049 |
|
|
|a UDOC
|
| 074 |
|
|
|a 0102-B-18
|
| 086 |
0 |
|
|a A 57.38/18:J 13
|
| 100 |
1 |
|
|a Stephens, Wilton W.
|
| 245 |
1 |
0 |
|a Soil survey of Jackson Parish, Louisiana /
|c United States Department of Agriculture, Natural Resources Conservation Service ; in cooperation with Louisiana Agricultural Experiment Station, and Louisiana Soil and Water Conservation Committee.
|
| 264 |
|
1 |
|a [Washington, D.C.?] :
|b The Service,
|c [1999]
|
| 300 |
|
|
|a vii, 126 pages, 3 unnumbered pages, 31 folded pages of plates :
|b illustrations, maps (some color) ;
|c 28 cm.
|
| 336 |
|
|
|a text
|b txt
|2 rdacontent
|
| 337 |
|
|
|a unmediated
|b n
|2 rdamedia
|
| 338 |
|
|
|a volume
|b nc
|2 rdacarrier
|
| 500 |
|
|
|a Cover title.
|
| 500 |
|
|
|a Shipping list number: 99-0273-P.
|
| 500 |
|
|
|a "Issued 1999"--P. iv.
|
| 504 |
|
|
|a Includes bibliographical references (pages 79-81).
|
| 500 |
|
|
|a Includes index to map sheets.
|
| 650 |
|
0 |
|a Soil surveys
|z Louisiana
|z Jackson Parish.
|
| 650 |
|
0 |
|a Soils
|z Louisiana
|z Jackson Parish
|x Maps.
|
| 710 |
1 |
|
|a United States.
|b Natural Resources Conservation Service.
|
| 710 |
2 |
|
|a Louisiana Agricultural Experiment Station.
|
| 710 |
2 |
|
|a Louisiana Soil and Water Conservation Committee.
|
| 710 |
1 |
|
|a United States.
|b Soil Conservation Service.
|
| 999 |
|
|
|a MARS
|
| 999 |
f |
f |
|s 7e140b68-3b3e-3a0b-8f97-ea6d1343e475
|i 30c7decc-776b-3134-b778-3f0483508f42
|t 0
|
| 952 |
f |
f |
|p normal
|a Texas A&M University
|b College Station
|c Sterling C. Evans Library
|d Evans: Maps (2nd floor)
|t 0
|e A 57.38/18:J 13
|h Superintendent of Documents classification
|i unmediated -- volume
|m A14824519662
|
| 998 |
f |
f |
|a A 57.38/18:J 13
|t 0
|l Evans: Maps (2nd floor)
|